000 01051nam a2200241 a 4500
001 BRCA_8929
005 20190320210448.0
008 290617s1784----sp-#######---#000-0#spa-#
041 _aspa
044 _asp
084 _aLE15
_b.C65 1784
100 1 _aCliquet, Joseph Faustino
_d1673 - 1760
_922194
245 1 0 _aLa flor del moral, esto es, lo mas florido, y selecto que se halla en el jardín ameno, y dilatado campo de la theologia moral
_csu autor el M. R. P. Fr. Joseph Faustino Cliquet; con las adiciones, y correcciones que ha dispuesto el P. M. Fr. Francisco Belza, también Agustiniano, Rector del Colegio de Doña María de Aragón de esta Corte; tomo primero; decima edición.
250 _a10a ed.
260 _aMadrid
_bPor Don Pedro Marín
_c1784
300 _a[10], 399 p. (t.1)
500 _aCon las licencias necesarias
500 _aEstado físico: presenta encuadernación en pergamino
650 1 4 _aTeología moral
_yObras anteriores a 1800
_921355
700 1 _aBelza, Francisco
_922195
902 _aCFM
942 _2lcc
_cB
999 _c8580
_d8580